Sports Quiz

Random Sports or NBA Quiz

NBA All-Time Lineups by PER Quiz Stats

Quiz Updated Jan 5, 2017

Challenge
Share
Tweet
Embed
Score 0/150 Timer 13:00
15 Plays Today
Hint Answer % Correct
Cleveland CavaliersLeBron James
94.2%
Miami HeatLeBron James
94.2%
Chicago BullsMichael Jordan
93.7%
Boston CelticsKevin Garnett
91.9%
Minnesota TimberwolvesKevin Garnett
91.9%
Boston CelticsLarry Bird
91.5%
Los Angeles LakersMagic Johnson
90.1%
Los Angeles LakersShaquille O'Neal
90%
Miami HeatShaquille O'Neal
90%
Orlando MagicShaquille O'Neal
90%
Charlotte HornetsLarry Johnson
89.7%
Indiana PacersJermaine O'Neal
89.5%
Golden State WarriorsStephen Curry
88.7%
Los Angeles LakersKobe Bryant
88.3%
Chicago BullsJimmy Butler
86.7%
Chicago BullsDerrick Rose
86.5%
Los Angeles ClippersChris Paul
86.5%
New Orleans PelicansChris Paul
86.5%
Dallas MavericksDirk Nowitzki
85.4%
Oklahoma City ThunderKevin Durant
85.3%
Chicago BullsPau Gasol
85.3%
Memphis GrizzliesPau Gasol
85.3%
Milwaukee BucksGiannis Antetokounmpo
84.7%
Dallas MavericksSteve Nash
84.6%
Phoenix SunsSteve Nash
84.6%
Golden State WarriorsKlay Thompson
84.3%
San Antonio SpursTim Duncan
84%
Miami HeatDwyane Wade
84%
Denver NuggetsDavid Thompson
83.8%
Oklahoma City ThunderRussell Westbrook
83%
Philadelphia 76ersAllen Iverson
82.4%
San Antonio SpursTony Parker
81.8%
New Orleans PelicansAnthony Davis
81.8%
Utah JazzKarl Malone
81.6%
Phoenix SunsWalter Davis
81.6%
Boston CelticsPaul Pierce
81.4%
Brooklyn NetsVince Carter
81.2%
Toronto RaptorsVince Carter
81.1%
San Antonio SpursDavid Robinson
81.1%
Houston RocketsJames Harden
80.6%
Golden State WarriorsWilt Chamberlain
78.7%
Philadelphia 76ersWilt Chamberlain
78.7%
Utah JazzJohn Stockton
77.8%
New York KnicksCarmelo Anthony
77.8%
Portland Trail BlazersLaMarcus Aldridge/Zach Randolph
77.8%
Houston RocketsHakeem Olajuwon
77.6%
Milwaukee BucksRay Allen
77.5%
Oklahoma City ThunderRay Allen
77.5%
Houston RocketsTracy McGrady
76.8%
Orlando MagicTracy McGrady
76.8%
Hint Answer % Correct
Indiana PacersReggie Miller
75.7%
Boston CelticsIsaiah Thomas
75.5%
Detroit PistonsChauncey Billups
75.3%
New York KnicksPatrick Ewing
74%
New Orleans PelicansAnthony Davis
73.8%
San Antonio SpursManu Ginobili
73.3%
Brooklyn NetsBrook Lopez
72.7%
Atlanta HawksJeff Teague
72.4%
Miami HeatTim Hardaway
71.7%
Orlando MagicAnfernee Hardaway
71.6%
Toronto RaptorsDeMar DeRozan
70.9%
Houston RocketsCharles Barkley
70.6%
Philadelphia 76ersCharles Barkley
70.6%
Phoenix SunsCharles Barkley
70.6%
Detroit PistonsGrant Hill
70.4%
Indiana PacersGeorge Hill
70.4%
Orlando MagicGrant Hill
70.4%
Memphis GrizzliesMike Conley
70.3%
Milwaukee BucksKareem Abdul-Jabbar
69.7%
Sacramento KingsDeMarcus Cousins
69%
Boston CelticsRobert Parish
68.9%
Portland Trail BlazersClyde Drexler
68.7%
Sacramento KingsChris Webber
68.5%
Washington WizardsChris Webber
68.5%
Memphis GrizzliesZach Randolph
68%
Toronto RaptorsChris Bosh
66.7%
San Antonio SpursKawhi Leonard
66%
Washington WizardsGilbert Arenas
65.8%
Minnesota TimberwolvesKarl-Anthony Towns
65%
Phoenix SunsAmar'e Stoudemire
64.5%
Utah JazzRudy Gobert
64.2%
Dallas MavericksTyson Chandler
63.5%
Philadelphia 76ersJulius Erving
63.2%
Charlotte HornetsGerald Wallace
61.4%
Cleveland CavaliersShawn Kemp
61.4%
Oklahoma City ThunderShawn Kemp
61.4%
Charlotte HornetsAl Jefferson
61.3%
Los Angeles LakersElgin Baylor
61%
Sacramento KingsOscar Robertson
59.1%
Houston RocketsJames Harden
58.6%
Los Angeles ClippersElton Brand
57.1%
Denver NuggetsAlex English
56.4%
Brooklyn NetsStephon Marbury
56.1%
New York KnicksStephon Marbury
56.1%
Portland Trail BlazersBill Walton
55.8%
Atlanta HawksBob Pettit
53.8%
Detroit PistonsBailey Howell/Greg Monroe
53.2%
Charlotte HornetsKemba Walker
51.6%
Portland Trail BlazersDamian Lillard
49.8%
Sacramento KingsPeja Stojakovic
48.4%
Hint Answer % Correct
Milwaukee BucksSam Cassell
47.2%
Minnesota TimberwolvesSam Cassell
47.2%
Indiana PacersDanny Granger
46.6%
New York KnicksBernard King
46%
Atlanta HawksPete Maravich
45.4%
Utah JazzPete Maravich
45.4%
Detroit PistonsJerry Stackhouse
42.9%
Miami HeatGlen Rice
42.5%
Toronto RaptorsKyle Lowry
42%
Indiana PacersRik Smits
41.1%
Charlotte HornetsEddie Jones
40.1%
Utah JazzAdrian Dantley
39.7%
New Orleans PelicansTyreke Evans
37.8%
Sacramento KingsMitch Richmond
37.6%
Cleveland CavaliersBrad Daugherty
37.3%
Los Angeles ClippersBob McAdoo
34.9%
Orlando MagicRyan Anderson
34.8%
Golden State WarriorsKevin Durant
34.2%
Dallas MavericksMark Aguirre
33%
Denver NuggetsMichael Adams
31.7%
Chicago BullsArtis Gilmore
31.4%
Oklahoma City ThunderEnes Kanter
30.7%
Brooklyn NetsDerrick Coleman
29.8%
Memphis GrizzliesShareef Abdur-Rahim
29.8%
Denver NuggetsNikola Jokic
28.7%
Los Angeles ClippersCorey Maggette
25.9%
Detroit PistonsBoban Marjanovic
25.5%
Dallas MavericksRolando Blackman
24.4%
Cleveland CavaliersRon Harper
21.6%
Denver NuggetsKiki Vandeweghe
21.3%
Portland Trail BlazersKiki Vandeweghe
21.3%
Cleveland CavaliersTerrell Brandon
20.1%
Los Angeles ClippersWorld B. Free
19.6%
Washington WizardsWalt Bellamy
18.5%
Milwaukee BucksTerry Cummings
17.7%
Washington WizardsLarry Hughes
17.2%
Philadelphia 76ersHersey Hawkins
16.3%
Golden State WarriorsJerry Lucas
14.6%
New Orleans PelicansTyreke Evans
13.5%
Phoenix SunsPaul Westphal
13.4%
Brooklyn NetsKendall Gill
12.5%
Minnesota TimberwolvesTom Gugliotta
10.9%
Los Angeles LakersVern Mikkelsen
8.6%
New York KnicksRichie Guerin
7%
Atlanta HawksJohn Drew
6.2%
Minnesota TimberwolvesTony Campbell
6%
Toronto RaptorsDonyell Marshall
3.5%
Atlanta HawksClyde Lovellette
3.4%
Memphis GrizzliesJames Posey
2.7%
Washington WizardsTerry Dischinger
1%

You're not logged in!

Compare scores with friends on all Sporcle quizzes.
Sign Up with Email
OR
Log In

You Might Also Like...

Show Comments

Extras

Top Quizzes Today


Score Distribution

Your Account Isn't Verified!

In order to create a playlist on Sporcle, you need to verify the email address you used during registration. Go to your Sporcle Settings to finish the process.

Report this User

Report this user for behavior that violates our Community Guidelines.

Details: